Statistics for Lesser Antilles Capitals Map Quiz

Click here to take the quiz!

General Stats

  • This quiz has been taken 329 times
  • The average score is 10 of 19

Answers on the Map

Answers color-coded by a green-red scale on the quiz's map according to % correct below.
 

Answer Stats

Answer% Correct
Port of Spain
86%
Bridgetown
72%
Roseau
66%
St. George's
62%
St. John's
62%
Basseterre
58%
Kingstown
58%
Castries
57%
Oranjestad
56%
Fort-de-France
48%
Kralendijk
47%
Willemstad
47%
Basse-Terre
45%
Charlotte Amalie
39%
Plymouth
36%
Road Town
36%
Marigot/Philipsburg
32%
The Valley
29%
Gustavia
27%

Score Distribution

Percentile by Number Answered

Percent of People with Each Score

Your Score History

You have not taken this quiz